000 00258nam a2200097Ia 4500
082 _a620.004
_bPUN/LA
100 _aPunekar, Sushant
_91096
245 _aLaboratory instruments operations and maintenance
260 _aNew Delhi
_bBiotech books
_c2012
942 _cBK
999 _c14625
_d14625